000 00731nam a22002537a 4500
005 20170124110237.0
010 _aB-079279
020 _c395.00
_a8174362754
035 _aB-079279
037 _bCen Lib/Ret
040 _aDPL
_bEN
082 _a956.94
_bBRE
100 _aBregman, Ahron
_942382
245 _aIsrael's wars :
_cby Ahron Bregman
_ba history since 1947 /
246 _b
250 _a2nd ed.
260 _bRoutledge
_c2000
_aLondon
270 _a11 New Fetter Lane
_bLondon
300 _axvii,272p.
_c18cm(pbk)
500 _aIncludes bibliographical references and index
650 _aArab-Israeli conflict
_942383
650 _aHistory -- 1947
_939201
942 _2ddc
_cEN
_h956.94
_mBRE
999 _c134973
_d134973